II. Labudove dni vedecká konferencia : zborník abstraktov, Bratislava, Slovenská republika 28.-29. apríl 2011
| Corporate Author: | |
|---|---|
| Other Authors: | , , |
| Format: | Conference Proceeding Software eBook |
| Language: | Slovak Czech English |
| PhysicalDescription: | 1 elektronický optický disk (CD-ROM) 12 cm |
| Published: |
Bratislava
Virologický ústav, Slovenská akadémia vied
2011
|
| ISBN: | 9788097069254 |
| Subjects: |
MARC
| LEADER | 00000cam a2200000 a 4500 | ||
|---|---|---|---|
| 001 | vtls010278267 | ||
| 003 | SK-MaSNL | ||
| 005 | 20260310184312.0 | ||
| 007 | co bg auuua | ||
| 008 | 180809s2011 xo fsa 101 0 slo | ||
| 015 | |a SNBS2013 | ||
| 020 | |a 9788097069254 |q (elektronická kniha) | ||
| 040 | |a SNK |b slo |c SNK |e AACR2 | ||
| 041 | 0 | |a slo |a cze |a eng | |
| 044 | |a xo |c SK | ||
| 072 | 7 | |a 57/59 |x Biologické vedy |2 konspekt | |
| 080 | |a 576.8 |2 2001 | ||
| 080 | |a 59 |2 2001 | ||
| 080 | |a 578 |2 2001 | ||
| 080 | |a (062.534) |2 2001 | ||
| 080 | |a (0.034.44) |2 2001 | ||
| 080 | |a (048.3) |2 2001 | ||
| 111 | 2 | |a Labudove dni |n (2. : |d 2011 : |c Bratislava, Slovensko) |9 138114 | |
| 245 | 1 | 0 | |a II. Labudove dni |h elektronický zdroj |b vedecká konferencia : zborník abstraktov, Bratislava, Slovenská republika 28.-29. apríl 2011 |c editori: Eva Špitalská, Mária Kazimírová, Elena Kocianová |
| 246 | 3 | |a Druhé Labudove dni | |
| 246 | 3 | 0 | |a Zborník abstraktov z vedeckej konferencie Labudove dni 2011 |
| 260 | |a Bratislava |b Virologický ústav, Slovenská akadémia vied |c 2011 | ||
| 300 | |a 1 elektronický optický disk (CD-ROM) |c 12 cm | ||
| 500 | |a Názov z titulnej obrazovky | ||
| 516 | |a Textový dokument (zborník), súbor vo formáte pdf | ||
| 538 | |a Technické požiadavky: PDF prehliadač | ||
| 546 | |a Čiast. text slov., čes., angl. | ||
| 650 | 0 | 7 | |a zoológia |2 SNKPH |9 699 |
| 650 | 0 | 7 | |a parazitológia |2 SNKPH |9 19985 |
| 650 | 0 | 7 | |a virológia |2 SNKPH |9 19067 |
| 650 | 0 | 7 | |a Zoology |2 SNKPHeng |9 266278 |
| 650 | 0 | 7 | |a Parasitology |2 SNKPHeng |9 274207 |
| 650 | 0 | 7 | |a Virology |2 SNKPHeng |9 266770 |
| 655 | 7 | |a zborníky konferencií |2 SNKPH |9 70153 | |
| 655 | 7 | |a elektronické zdroje |2 SNKPH |9 90954 | |
| 655 | 7 | |a abstrakty |2 SNKPH |9 22516 | |
| 655 | 7 | |a Proceedings of conferences |2 SNKPHeng |9 265791 | |
| 655 | 7 | |a Electronic resources |2 SNKPHeng |9 175546 | |
| 655 | 7 | |a Abstracts |2 SNKPHeng |9 275616 | |
| 655 | 7 | |a CD-ROM |2 SNKPH |9 70236 | |
| 700 | 1 | |a Špitalská, Eva |4 edt |9 23882 | |
| 700 | 1 | |a Kazimírová, Mária, |d 1957- |4 edt |9 178645 | |
| 700 | 1 | |a Kocianová, Elena, |d 1948- |4 edt |9 178646 | |
| 852 | |a Štátna vedecká knižnica v Banskej Bystrici | ||
| 919 | |a 978-80-970692-5-4 | ||
| 999 | |c 1007285 |d 1009215 | ||
| 952 | |a SNK |b SNK |y PREZ |7 0 |p 17A0704853 |o snkSCDM 3922 |i snk2011/13455 |8 0 |0 0 |1 0 |4 0 |d 2011-06-13 |l 0 |r 2026-02-24 12:40:18 |w 2026-02-24 | ||
| 952 | |t snkLAB 59 |a SNKMST |b SNKMST |y PREZ |7 0 |p 17A0704854 |o snkSCDM 3922 D1 |i snk2011/13456 |8 0 |0 0 |1 0 |4 0 |d 2011-06-13 |l 0 |r 2025-08-12 00:00:00 |w 2026-02-24 | ||


